000 00471nam a2200133 a 4500
008 120416s1967 ||||||||||||||||| || u
050 _aT 50 Sca
100 _aScarr, A. J. T
245 1 0 _aMetrology and precision engineering
260 _aLondon
_bMcGraw-Hill
_c1967
300 _a[x], 213p. : ill.
350 _a0.00
995 _D0.00
_FCBU-MAIN LIBRARY (Kitwe)
_H1
_I5.00
_M1
_UAVAILABLE
_ZAnnex Low-Usage Collection
999 _c51072
_d51072